000 nam a22 7a 4500
999 _c27830
_d27830
008 170210b xxu||||| |||| 00| 0 eng d
020 _a9789780133666847
050 _aPN 59 .P74 2010
100 _aWiggins, Grant.
_d2010
245 _aLiterature:
_bThe british tradition/
_cGrant Wiggins, Jeff Anderson, Arnetha F. Ball.
260 _aUSA:
_bPearson,
_c2010.
300 _axxxi, 1487, [92]p.:
_bill.;
_c29cm.
521 _aIncludes index.
650 _aLanguage arts.
700 _aAnderson, Jeff.
700 _aBall, Arnetha F.
700 _aBuehl, Doug.
942 _2lcc
_cBOOKS
_hPN 59 .P74 2010